| 000 | 01369nam a22002537a 4500 | ||
|---|---|---|---|
| 008 | 160704bs2000 xxu||||| |||| 00| 0 eng d | ||
| 020 | _a0865591814 | ||
| 082 | 0 | 4 |
_a708 _bH669t |
| 100 |
_aHirschhorn, Thomas. _95297 |
||
| 245 | 1 | 0 |
_aJumbo spoons and big cake / _cThomas Hirschhorn ; The Art Institute of Chicago ; The Renaissance Society at the University of Chicago ; co-organizado por James Rondeau y Susanne Ghez. |
| 246 | 0 | 3 | _aWorld airport. |
| 250 | _a1a ed. | ||
| 260 |
_aEstados Unidos : _bThe Art Institute of Chicago, _c2000. |
||
| 300 |
_a144 p. _bil. |
||
| 500 | _aPublicado en conjunto a las exhibiciones "World Airport" en The Renaissance Society at The University of Chicago (16 de enero al 4 de febrero) y "Jumbo Spoons and Big Cake" en The Art Institute of Chicago (23 de enero al 9 de abril). | ||
| 505 | 0 |
_tForewood _rJames N. Wood. _tForewood _rSusanne Ghez. _tAcknowledgments _rJames Rondeau _tEssay _tBook list. _tEssay _rHamza Walker. _tInterview _rOkwui Enwezor. _tExhibitions. _tBibliography. _tIllustration Checklist. _tIllustrations. |
|
| 653 | 1 | 0 | _aArte contemporáneo |
| 653 | 1 | 0 | _aExhibicioines |
| 653 | 1 | 0 | _aMuseos |
| 700 | 1 |
_aRondeau, James. _eco-organizador. _95298 |
|
| 700 | 1 |
_aGhez, Susanne. _eco-organizador. _95299 |
|
| 710 | 1 |
_aThe Art Institute of Chicago. _95300 |
|
| 710 | 1 |
_aThe Renaissance Society at The University of Chicago. _95301 |
|
| 999 |
_c977 _d977 |
||